[Event "SVK-chT2C 2122"]
[Site "Slovakia"]
[Date "2022.02.05"]
[Round "3.5"]
[White "Matejov, Anton"]
[Black "Klein, Peter"]
[Result "1/2-1/2"]
[WhiteElo "1965"]
[BlackElo "1939"]
[PlyCount "35"]
[EventDate "2021.10.16"]
[EventType "team-tourn"]
[EventRounds "11"]
[EventCountry "SVK"]
[SourceTitle "EXT 2023"]
[Source "ChessBase"]
[SourceDate "2022.10.05"]
[SourceVersion "1"]
[SourceVersionDate "2022.10.05"]
[SourceQuality "1"]
[WhiteTeam "Kysucke Nove Mesto"]
[BlackTeam "Filakovo"]
[WhiteTeamCountry "SVK"]
[BlackTeamCountry "SVK"]

1. Nf3 d5 2. d4 Nf6 3. c4 c6 4. Qc2 g6 5. cxd5 cxd5 6. Bf4 Nc6 7. e3 Bg7 8. Nc3 0-0 9. Be2 Bf5 10. Qb3 Qb6 11. Qxb6 axb6 12. Bc7 Nb4 13. 0-0 Ne4 14. Rfc1 Nxc3 15. Rxc3 Nxa2 16. Ra3 Rxa3 17. bxa3 Nc3 18. Bf1 1/2-1/2

[Event "SVK-chT2C 2122"]
[Site "Slovakia"]
[Date "2021.10.17"]
[Round "2.5"]
[White "Matejov, Anton"]
[Black "Uhrincat, Ivan"]
[Result "1-0"]
[WhiteElo "1967"]
[BlackElo "1934"]
[PlyCount "123"]
[EventDate "2021.10.16"]
[EventType "team-tourn"]
[EventRounds "11"]
[EventCountry "SVK"]
[SourceTitle "EXT 2023"]
[Source "ChessBase"]
[SourceDate "2022.10.05"]
[SourceVersion "1"]
[SourceVersionDate "2022.10.05"]
[SourceQuality "1"]
[WhiteTeam "Kysucke Nove Mesto"]
[BlackTeam "Banska Bystrica Kurta"]
[WhiteTeamCountry "SVK"]
[BlackTeamCountry "SVK"]

1. d4 Nf6 2. c4 g6 3. Nc3 d5 4. cxd5 Nxd5 5. e4 Nxc3 6. bxc3 Bg7 7. Be3 0-0 8. Qd2 c5 9. Rc1 Qa5 10. Nf3 Nc6 11. d5 Rd8 12. Bd3 Ne5 13. Nxe5 Bxe5 14. f4 Bg7 15. c4 Qa3 16. e5 b6 17. 0-0 Bb7 18. Rc3 Qa4 19. Qc2 Qxc2 20. Bxc2 e6 21. dxe6 fxe6 22. Rd1 Rxd1+ 23. Bxd1 Rd8 24. Bg4 Kf7 25. Ra3 Ra8 26. Kf2 Be4 27. Bf3 Bxf3 28. Kxf3 Bf8 29. Bf2 Be7 30. Ra6 Ke8 31. g4 Kd7 32. Ke4 Kc6 33. Ra3 a6 34. Rh3 Rh8 35. Be1 b5 36. f5 gxf5+ 37. gxf5 exf5+ 38. Kxf5 h5 39. Ke6 Rh7 40. Bh4 Bxh4 41. Rxh4 bxc4 42. Rxc4 Kb5 43. Rc1 c4 44. Kd6 Kb4 45. e6 c3 46. e7 Rh8 47. Kd7 a5 48. e8Q Rxe8 49. Kxe8 Kc4 50. a4 Kb3 51. Kd7 Kb2 52. Rf1 c2 53. Kc6 h4 54. h3 c1Q+ 55. Rxc1 Kxc1 56. Kb5 Kd2 57. Kxa5 Ke3 58. Kb4 Kf3 59. a5 Kg3 60. a6 Kxh3 61. a7 Kg2 62. a8Q+ 1-0

[Event "SVK-ch Amateurs"]
[Site "Topolcany"]
[Date "2021.08.06"]
[Round "2"]
[White "Matejov, Anton"]
[Black "Majzlan, Blazej"]
[Result "1-0"]
[WhiteElo "1988"]
[BlackElo "1638"]
[PlyCount "77"]
[EventDate "2021.08.06"]
[EventType "swiss"]
[EventRounds "7"]
[EventCountry "SVK"]
[SourceTitle "EXT 2022"]
[Source "ChessBase"]
[SourceDate "2021.10.06"]
[SourceVersion "1"]
[SourceVersionDate "2021.10.06"]
[SourceQuality "1"]

1. d4 Nf6 2. c4 e6 3. g3 d5 4. Bg2 Be7 5. Nf3 0-0 6. 0-0 c6 7. Qc2 Nbd7 8. Nbd2 a6 9. e4 dxe4 10. Nxe4 Nxe4 11. Qxe4 Nf6 12. Qc2 Bd7 13. Bf4 Rc8 14. Ne5 Qb6 15. c5 Qd8 16. Nc4 Nd5 17. Bd6 Bxd6 18. Nxd6 Rb8 19. a3 Qc7 20. Rfe1 b5 21. Be4 h6 22. h4 a5 23. Kg2 Bc8 24. Bh7+ Kh8 25. Bd3 Ra8 26. Qe2 Kg8 27. Qh5 Nf6 28. Qf3 Ba6 29. g4 Nd5 30. g5 hxg5 31. hxg5 b4 32. Bc2 Qe7 33. Re5 f5 34. Qg3 Ra7 35. g6 Nf6 36. Bxf5 Nh5 37. Qg4 Rxf5 38. Nxf5 exf5 39. Qxh5 1-0

[Event "SVK-chT2C 1819"]
[Site "Slovakia"]
[Date "2019.04.07"]
[Round "11.4"]
[White "Matejov, Anton"]
[Black "Feco, Jan"]
[Result "1-0"]
[WhiteElo "1989"]
[BlackElo "1820"]
[PlyCount "105"]
[EventDate "2018.10.13"]
[EventType "team-tourn"]
[EventRounds "11"]
[EventCountry "SVK"]
[SourceTitle "EXT 2020"]
[Source "ChessBase"]
[SourceDate "2019.10.17"]
[SourceVersion "1"]
[SourceVersionDate "2019.10.17"]
[SourceQuality "1"]
[WhiteTeam "Cadca Caissa"]
[BlackTeam "Jelsava Magnezit"]
[WhiteTeamCountry "SVK"]
[BlackTeamCountry "SVK"]

1. Nf3 d5 2. d4 Nf6 3. c4 e6 4. g3 c6 5. Bg2 Bb4+ 6. Bd2 Bxd2+ 7. Nbxd2 0-0 8. 0-0 Na6 9. Qc2 Bd7 10. e4 Nc7 11. Rfe1 Rc8 12. b4 b5 13. e5 Ng4 14. h3 Nh6 15. c5 Nf5 16. g4 Nh4 17. Nxh4 Qxh4 18. Nf3 Qe7 19. Re3 Ne8 20. a4 a6 21. axb5 axb5 22. Ra7 g6 23. Rea3 Ng7 24. Qd2 Rcd8 25. Qh6 Ne8 26. Re3 Kh8 27. Ng5 f6 28. Nxh7 Qg7 29. Qxg7+ Kxg7 30. Nxf8 Kxf8 31. exf6 Nxf6 32. f4 Ng8 33. Bf1 Ne7 34. Bd3 Kg8 35. Kg2 Kf8 36. Kg3 Kg8 37. h4 Kf8 38. h5 gxh5 39. gxh5 Kf7 40. Kh4 Kf6 41. Re5 Be8 42. Rg5 Bf7 43. Kg4 Rh8 44. f5 Ng8 45. fxe6 Bxe6+ 46. Kf4 Ne7 47. Rc7 Bh3 48. Re5 Be6 49. Rg5 Bf7 50. Be2 Rf8 51. Bg4 Ra8 52. Re5 Re8 53. Bd7 1-0

[Event "SVK-chT2C 1718"]
[Site "Slovakia"]
[Date "2018.02.04"]
[Round "7.4"]
[White "Matejov, Anton"]
[Black "Matejov, Jaroslav"]
[Result "1-0"]
[WhiteElo "2019"]
[BlackElo "2042"]
[PlyCount "115"]
[EventDate "2017.10.28"]
[EventType "team-tourn"]
[EventRounds "11"]
[EventCountry "SVK"]
[SourceTitle "EXT 2019"]
[Source "ChessBase"]
[SourceDate "2018.10.10"]
[SourceVersion "1"]
[SourceVersionDate "2018.10.10"]
[SourceQuality "1"]
[WhiteTeam "Cadca Caissa"]
[BlackTeam "Zilina Mladost II"]
[WhiteTeamCountry "SVK"]
[BlackTeamCountry "SVK"]

1. d4 d5 2. c4 e6 3. Nf3 Nf6 4. g3 Nbd7 5. Bg2 Be7 6. 0-0 0-0 7. Qc2 c5 8. cxd5 exd5 9. Nc3 c4 10. Ne5 Nb6 11. a4 a5 12. Rd1 Be6 13. e4 Rc8 14. f4 dxe4 15. Nxe4 Bd5 16. Nxf6+ Bxf6 17. Bh3 Ra8 18. Ra3 Be7 19. Re3 Bb4 20. Bf5 g6 21. Be4 Re8 22. Bxd5 Nxd5 23. Re2 c3 24. f5 f6 25. fxg6 fxe5 26. gxh7+ Kh8 27. dxe5 Qb6+ 28. Kh1 Qc6 29. Qe4 Ne7 30. Bg5 Qxe4+ 31. Rxe4 Kxh7 32. bxc3 Bc5 33. Bf6 Ng8 34. Rd7+ Kg6 35. Rg7+ Kf5 36. Rf4+ Ke6 37. Rxb7 Rf8 38. Rc7 Rac8 39. Rxc8 Rxc8 40. c4 Rb8 41. g4 Rb2 42. h4 Rf2 43. Rxf2 Bxf2 44. Bd8 Be1 45. c5 Ne7 46. Bxe7 Kxe7 47. g5 Bg3 48. Kg2 Bxe5 49. Kf3 Bd4 50. c6 Kd6 51. Ke4 Bb6 52. h5 Bd8 53. Kf5 Bb6 54. Kf6 Bd8+ 55. Kg6 Kxc6 56. h6 Bb6 57. h7 Bd4 58. Kf7 1-0

[Event "Oravska Priehrada op"]
[Site "Namestovo"]
[Date "2017.08.25"]
[Round "1"]
[White "Kandalec, Stefan"]
[Black "Matejov, Anton"]
[Result "0-1"]
[WhiteElo "1688"]
[BlackElo "2061"]
[PlyCount "78"]
[EventDate "2017.08.25"]
[EventType "swiss"]
[EventRounds "7"]
[EventCountry "SVK"]
[SourceTitle "CBM 180 Extra"]
[Source "ChessBase"]
[SourceDate "2017.10.06"]
[SourceVersion "1"]
[SourceVersionDate "2017.10.06"]
[SourceQuality "1"]

1. e4 c5 2. Nf3 d6 3. Be2 Nf6 4. d3 Nc6 5. 0-0 g6 6. c3 Bg7 7. Be3 0-0 8. h3 e5 9. Qd2 b6 10. Bh6 d5 11. exd5 Nxd5 12. c4 Nde7 13. Bxg7 Kxg7 14. Nc3 f6 15. a3 Be6 16. Rad1 Nf5 17. Ne4 a5 18. Ne1 Nfd4 19. Bf3 Qd7 20. Nc3 Rad8 21. Nd5 Bxd5 22. Bxd5 Ne7 23. Be4 Qe6 24. b4 axb4 25. axb4 f5 26. Bb7 Rd7 27. Ba6 Ra8 28. b5 f4 29. Kh2 Nef5 30. g4 fxg3+ 31. fxg3 e4 32. Rf4 e3 33. Qg2 Rf8 34. Re4 Qd6 35. Rg4 e2 36. Rc1 Ne3 37. Rxd4 Qxd4 38. Qxe2 Rdf7 39. Bb7 Nf1+ 0-1

[Event "Karvina op"]
[Site "Karvina"]
[Date "2017.07.08"]
[Round "8"]
[White "Matejov, Anton"]
[Black "Szneider, Kazimierz"]
[Result "1/2-1/2"]
[WhiteElo "2085"]
[BlackElo "1729"]
[PlyCount "45"]
[EventDate "2017.07.01"]
[EventType "swiss"]
[EventRounds "9"]
[EventCountry "CZE"]
[SourceTitle "EXT 2018"]
[Source "ChessBase"]
[SourceDate "2017.10.13"]
[SourceVersion "1"]
[SourceVersionDate "2017.10.13"]
[SourceQuality "1"]

1. Nf3 Nf6 2. d4 d5 3. c4 e6 4. g3 c6 5. Qc2 Nbd7 6. Nbd2 Bd6 7. Bg2 0-0 8. 0-0 Re8 9. e4 dxe4 10. Ng5 Nf8 11. Ndxe4 Be7 12. Rd1 N6d7 13. h4 f5 14. Nc3 Nf6 15. d5 Qc7 16. dxe6 Nxe6 17. Qxf5 Nxg5 18. Qxg5 Ng4 19. Qf4 Qb6 20. Na4 Qa5 21. b3 Rf8 22. Qd2 Bb4 23. Qd4 1/2-1/2

[Event "Karvina op"]
[Site "Karvina"]
[Date "2017.07.05"]
[Round "5"]
[White "Szotek, Josef"]
[Black "Matejov, Anton"]
[Result "1/2-1/2"]
[WhiteElo "1967"]
[BlackElo "2085"]
[PlyCount "69"]
[EventDate "2017.07.01"]
[EventType "swiss"]
[EventRounds "9"]
[EventCountry "CZE"]
[SourceTitle "EXT 2018"]
[Source "ChessBase"]
[SourceDate "2017.10.13"]
[SourceVersion "1"]
[SourceVersionDate "2017.10.13"]
[SourceQuality "1"]

1. e4 g6 2. d4 Bg7 3. Nf3 c5 4. c3 cxd4 5. cxd4 d5 6. e5 Nc6 7. Nc3 Bg4 8. Be2 e6 9. Nb5 Bxf3 10. Nd6+ Kf8 11. Bxf3 f6 12. Nxb7 Qe7 13. exf6 Bxf6 14. Nc5 Nxd4 15. Nd3 Kg7 16. Be3 Nh6 17. Bxd4 Bxd4 18. Qd2 Nf5 19. g3 Qf6 20. Bg2 Rab8 21. Rc1 Rhc8 22. 0-0 Nd6 23. Qf4 Nc4 24. b3 Ne5 25. Nxe5 Bxe5 26. Qxf6+ Kxf6 27. Rfe1 Bb2 28. Rcd1 Rc2 29. Bh3 Rb6 30. Kf1 Ba3 31. Re2 Rbc6 32. Rde1 Bb4 33. Rxe6+ Rxe6 34. Rxe6+ Kf7 35. Re2 1/2-1/2

[Event "Karvina op"]
[Site "Karvina"]
[Date "2017.07.03"]
[Round "3"]
[White "Jaworski, Miroslaw"]
[Black "Matejov, Anton"]
[Result "1/2-1/2"]
[WhiteElo "2228"]
[BlackElo "2085"]
[PlyCount "38"]
[EventDate "2017.07.01"]
[EventType "swiss"]
[EventRounds "9"]
[EventCountry "CZE"]
[SourceTitle "EXT 2018"]
[Source "ChessBase"]
[SourceDate "2017.10.13"]
[SourceVersion "1"]
[SourceVersionDate "2017.10.13"]
[SourceQuality "1"]

1. Nf3 d6 2. d4 Nf6 3. c4 g6 4. Nc3 Bg7 5. g3 c6 6. Bg2 Bf5 7. Nh4 Be6 8. d5 cxd5 9. cxd5 Bd7 10. 0-0 0-0 11. Be3 a5 12. a4 Na6 13. h3 Qc8 14. Kh2 Qc4 15. Nf3 Ne4 16. Nxe4 Qxe4 17. Nd4 Qe5 18. Qd2 Nc5 19. b3 Ne4 1/2-1/2

[Event "Oravska Priehrada op"]
[Site "Oravska Priehrada"]
[Date "2016.08.29"]
[Round "6"]
[White "Matejov, Anton"]
[Black "Hrnciar, Roman"]
[Result "0-1"]
[WhiteElo "2044"]
[BlackElo "2083"]
[PlyCount "164"]
[EventDate "2016.08.26"]
[EventType "swiss"]
[EventRounds "7"]
[EventCountry "SVK"]
[SourceTitle "CBM 174 Extra"]
[Source "ChessBase"]
[SourceDate "2016.10.10"]
[SourceVersion "1"]
[SourceVersionDate "2016.10.10"]
[SourceQuality "1"]

1. Nf3 f5 2. d3 d5 3. g3 Nf6 4. Bg2 Nc6 5. 0-0 e5 6. c4 e4 7. dxe4 dxe4 8. Qxd8+ Nxd8 9. Nd4 c5 10. Nc2 Bd6 11. Bf4 Bxf4 12. gxf4 Be6 13. b3 Nc6 14. Rd1 Nh5 15. e3 g5 16. fxg5 Rg8 17. h4 h6 18. f4 exf3 19. Bxf3 Ng3 20. Kf2 Ne4+ 21. Bxe4 fxe4 22. Nc3 hxg5 23. hxg5 Ke7 24. Nd5+ Kf7 25. Rg1 Ne5 26. Raf1 Nf3 27. Rg3 Rad8 28. Ne1 Nd2 29. Rh1 Bxd5 30. cxd5 Rxd5 31. Rh7+ Rg7 32. g6+ Kf6 33. Ng2 Rxh7 34. gxh7 Rh5 35. Nf4 Rxh7 36. Rg6+ Kf5 37. Rg8 Rh2+ 38. Ng2 c4 39. bxc4 Nxc4 40. Kg3 Rh6 41. Rf8+ Ke5 42. Re8+ Re6 43. Rc8 Rg6+ 44. Kf2 Nb6 45. Rc7 Nd5 46. Rxb7 Rf6+ 47. Kg3 Ra6 48. Rb5 Ra3 49. Kg4 a6 50. Rc5 Kd6 51. Rc2 Rxe3 52. Nf4 Rf3 53. Nxd5 Kxd5 54. Rd2+ Ke5 55. Rb2 Rf6 56. Rb3 Rg6+ 57. Kh5 Rc6 58. Kg4 Kd4 59. Kf4 Rf6+ 60. Kg3 a5 61. Rb8 Rf3+ 62. Kg4 Rf2 63. Rd8+ Ke3 64. a4 Ra2 65. Rb8 Ke2 66. Kf4 e3 67. Rb3 Rxa4+ 68. Kg3 Rd4 69. Ra3 a4 70. Ra2+ Kd3 71. Kf3 Rc4 72. Ra3+ Kd2 73. Ra2+ Kc1 74. Kxe3 Kb1 75. Rf2 a3 76. Kd3 Rc7 77. Rf6 Rc2 78. Rf1+ Kb2 79. Rf7 a2 80. Ra7 Kc1 81. Rh7 Kb1 82. Rb7+ Rb2 0-1

[Event "Oravska Priehrada op"]
[Site "Oravska Priehrada"]
[Date "2016.08.28"]
[Round "4"]
[White "Matejov, Anton"]
[Black "Warchol, Bartosz"]
[Result "1-0"]
[WhiteElo "2044"]
[BlackElo "1719"]
[PlyCount "77"]
[EventDate "2016.08.26"]
[EventType "swiss"]
[EventRounds "7"]
[EventCountry "SVK"]
[SourceTitle "CBM 174 Extra"]
[Source "ChessBase"]
[SourceDate "2016.10.10"]
[SourceVersion "1"]
[SourceVersionDate "2016.10.10"]
[SourceQuality "1"]

1. Nf3 d5 2. d4 Nf6 3. c4 c6 4. Qc2 dxc4 5. Qxc4 Bf5 6. g3 e6 7. Bg2 Nbd7 8. 0-0 Be7 9. Nc3 0-0 10. Re1 Ne4 11. Bf4 Nb6 12. Qb3 a5 13. a4 h6 14. Rad1 g5 15. Bc1 Bb4 16. Ne5 Nd6 17. e4 Bh7 18. Nd3 Bxc3 19. bxc3 Ndc4 20. Nc5 Qc7 21. e5 Rfd8 22. Bf1 Nxe5 23. Rxe5 Nd5 24. Qxb7 Qxb7 25. Nxb7 Rdb8 26. Nc5 Nxc3 27. Rde1 Rd8 28. Bb2 Nd5 29. Bc4 Rdb8 30. Bxd5 cxd5 31. Bc3 Rb6 32. R5e2 Kg7 33. Rb2 Rxb2 34. Bxb2 Kf6 35. Bc3 Bf5 36. f3 Ke7 37. Re2 Kd6 38. Bxa5 Kc6 39. Bc3 1-0

[Event "Oravska Priehrada op"]
[Site "Oravska Priehrada"]
[Date "2016.08.27"]
[Round "2"]
[White "Matejov, Anton"]
[Black "Brozyna, Mateusz"]
[Result "0-1"]
[WhiteElo "2044"]
[BlackElo "1844"]
[PlyCount "82"]
[EventDate "2016.08.26"]
[EventType "swiss"]
[EventRounds "7"]
[EventCountry "SVK"]
[SourceTitle "CBM 174 Extra"]
[Source "ChessBase"]
[SourceDate "2016.10.10"]
[SourceVersion "1"]
[SourceVersionDate "2016.10.10"]
[SourceQuality "1"]

1. Nf3 Nf6 2. d4 d6 3. c4 g6 4. Nc3 Bg7 5. e4 0-0 6. Be2 Nbd7 7. 0-0 e5 8. Re1 c6 9. Rb1 Re8 10. d5 Nc5 11. Qc2 Nfxe4 12. Nxe4 Nxe4 13. dxc6 bxc6 14. b4 Nf6 15. Rb3 Bf5 16. Qd1 Qc7 17. Bb2 Nd7 18. h3 a5 19. g4 Be6 20. a3 a4 21. Re3 h6 22. Bf1 f5 23. gxf5 gxf5 24. Nd4 exd4 25. Rxe6 Rxe6 26. Rxe6 Ne5 27. c5 dxc5 28. bxc5 Rd8 29. Qxa4 Qf7 30. Qb3 Kh7 31. Bd3 Nf3+ 32. Kg2 Ng5 33. Bc4 Nxe6 34. Bxe6 Qg6+ 35. Kf3 Qh5+ 36. Kg2 Qg5+ 37. Kf1 d3 38. Bxg7 d2 39. Qd1 Kxg7 40. Bb3 Re8 41. Qa1+ Kh7 0-1

[Event "Zilina-ch"]
[Site "Zilina"]
[Date "2014.05.11"]
[Round "6"]
[White "Matejov, Anton"]
[Black "Urbanik, Lukas"]
[Result "1-0"]
[WhiteElo "2042"]
[BlackElo "1936"]
[PlyCount "69"]
[EventDate "2014.05.09"]
[EventType "swiss"]
[EventRounds "6"]
[EventCountry "SVK"]
[SourceTitle "CBM 160 Extra"]
[Source "ChessBase"]
[SourceDate "2014.07.01"]
[SourceVersion "1"]
[SourceVersionDate "2014.07.01"]
[SourceQuality "1"]

1. Nf3 Nf6 2. d4 e6 3. c4 d5 4. g3 dxc4 5. Bg2 c5 6. 0-0 Nc6 7. Ne5 Bd7 8. Na3 cxd4 9. Naxc4 Bc5 10. a3 a5 11. Qb3 0-0 12. Qxb7 Nxe5 13. Nxe5 Rb8 14. Qf3 Nd5 15. Nd3 Bd6 16. Qe4 Qb6 17. Qh4 Bc6 18. g4 e5 19. Be4 Nf6 20. Bf5 Be4 21. Bh6 Bxf5 22. gxf5 Qd8 23. Bg5 Re8 24. Kh1 Bf8 25. Rg1 Kh8 26. f3 Rb6 27. Rg3 Qd5 28. Rag1 h6 29. Nf2 Rc8 30. Ne4 Nxe4 31. fxe4 Qb7 32. f6 Rbc6 33. Bxh6 gxh6 34. Rg8+ Kh7 35. R1g7+ 1-0

[Event "Zilina-ch"]
[Site "Zilina"]
[Date "2014.05.10"]
[Round "3"]
[White "Ostrochovsky, Anton"]
[Black "Matejov, Anton"]
[Result "0-1"]
[WhiteElo "1967"]
[BlackElo "2042"]
[PlyCount "138"]
[EventDate "2014.05.09"]
[EventType "swiss"]
[EventRounds "6"]
[EventCountry "SVK"]
[SourceTitle "CBM 160 Extra"]
[Source "ChessBase"]
[SourceDate "2014.07.01"]
[SourceVersion "1"]
[SourceVersionDate "2014.07.01"]
[SourceQuality "1"]

1. e4 d6 2. d4 Nf6 3. Nc3 c6 4. Nf3 Qa5 5. Bd2 Qc7 6. e5 dxe5 7. dxe5 Nd5 8. Nxd5 cxd5 9. Bb5+ Bd7 10. Bxd7+ Nxd7 11. e6 fxe6 12. Ng5 Qe5+ 13. Be3 Qf5 14. 0-0 Ne5 15. c3 h6 16. Qa4+ Nc6 17. Nf3 e5 18. b4 Kf7 19. b5 Nd8 20. Rad1 e6 21. b6 Nc6 22. bxa7 Be7 23. Rb1 Nd8 24. Qd7 g5 25. Nxe5+ Qxe5 26. Bd4 Qd6 27. Qxd6 Bxd6 28. Bxh8 Rxa7 29. Bd4 Rxa2 30. Ra1 Rxa1 31. Rxa1 e5 32. Be3 Ke6 33. Rb1 Kd7 34. h4 gxh4 35. Bxh6 Kc6 36. Bg5 Ne6 37. Bxh4 Nf4 38. Kf1 b5 39. g4 Kc5 40. Bd8 Kc4 41. Ba5 Be7 42. f3 Nd3 43. Bc7 Bg5 44. Bd6 Bd2 45. Bb4 d4 46. cxd4 Bxb4 47. Rxb4+ Kxb4 48. g5 Nf4 49. dxe5 Kc3 50. Kf2 b4 51. Ke3 Ng6 52. Ke4 b3 53. Kf5 b2 54. Kxg6 b1Q+ 55. Kf6 Qf1 56. e6 Qxf3+ 57. Kg7 Qg4 58. Kf6 Qf4+ 59. Kg6 Qe5 60. Kf7 Qxg5 61. e7 Qf5+ 62. Kg7 Qe6 63. Kf8 Qf6+ 64. Ke8 Kd4 65. Kd7 Qf7 66. Kd8 Qd5+ 67. Ke8 Ke5 68. Kf8 Qd6 69. Kf7 Qf6+ 0-1

[Event "Zilina op"]
[Site "Zilina"]
[Date "2013.08.30"]
[Round "3"]
[White "Matejov, Anton"]
[Black "Pechac, Jergus"]
[Result "0-1"]
[WhiteElo "2026"]
[BlackElo "2182"]
[PlyCount "144"]
[EventDate "2013.08.29"]
[EventType "swiss"]
[EventRounds "7"]
[EventCountry "SVK"]
[SourceTitle "CBM 156 Extra"]
[Source "ChessBase"]
[SourceDate "2013.10.22"]
[SourceVersion "1"]
[SourceVersionDate "2013.10.22"]
[SourceQuality "1"]

1. d4 d5 2. c4 c6 3. Nf3 e6 4. Qc2 Nd7 5. g3 Bd6 6. Bg2 Ngf6 7. Nbd2 0-0 8. 0-0 Re8 9. Rd1 Qe7 10. e4 dxe4 11. Nxe4 Nxe4 12. Qxe4 e5 13. dxe5 Nxe5 14. Nxe5 Bxe5 15. Bf4 Bf6 16. Qxe7 Bxe7 17. Re1 Be6 18. b3 Rad8 19. Rad1 Bb4 20. Rxd8 Rxd8 21. Rc1 Bf5 22. Bf3 f6 23. Rd1 Rxd1+ 24. Bxd1 Ba3 25. Be3 a6 26. Bb6 Bb1 27. f4 Bxa2 28. Bc2 f5 29. Kf2 c5 30. Ke2 Bb4 31. Kd1 a5 32. Kc1 a4 33. bxa4 g6 34. Bd3 Bb3 35. a5 Kf7 36. Kb2 Ba4 37. Bc2 Bc6 38. Bd3 Ke6 39. Kc2 Kd6 40. Bf1 Be1 41. Kd3 Bf2 42. Be2 Be4+ 43. Kd2 Bg1 44. Ke1 Bxh2 45. Kf2 g5 46. fxg5 f4 47. Bf3 Bxg3+ 48. Ke2 Bc6 49. Bxc6 Kxc6 50. Kf3 Kd6 51. Ba7 Be1 52. Bb6 Bd2 53. Bd8 Ke5 54. Bf6+ Kf5 55. Bd8 Be3 56. Be7 Bd4 57. Bd8 Bc3 58. Bc7 Kxg5 59. Bxf4+ Kf5 60. Be3 Bb4 61. Bf2 h5 62. Bg1 Ke5 63. Ke3 Bxa5 64. Bh2+ Kf5 65. Kf3 h4 66. Bd6 Bb4 67. Be7 h3 68. Bd6 Ba3 69. Bf4 Bb2 70. Bd6 Bd4 71. Bh2 Be5 72. Bg1 h2 0-1

[Event "Zilina Region-ch"]
[Site "Zilina"]
[Date "2013.05.19"]
[Round "6"]
[White "Matejov, Anton"]
[Black "Pechac, Jergus"]
[Result "0-1"]
[WhiteElo "2006"]
[BlackElo "2165"]
[PlyCount "66"]
[EventDate "2013.05.17"]
[EventType "swiss"]
[EventRounds "6"]
[EventCountry "SVK"]
[SourceTitle "CBM 154 Extra"]
[Source "ChessBase"]
[SourceDate "2013.06.25"]
[SourceVersion "2"]
[SourceVersionDate "2013.06.25"]
[SourceQuality "1"]

1. d4 e6 2. g3 c5 3. c3 Nc6 4. Bg2 Nf6 5. e4 d5 6. exd5 exd5 7. Ne2 c4 8. b3 cxb3 9. axb3 Bd6 10. 0-0 0-0 11. Bg5 Be6 12. Nf4 Bxf4 13. Bxf4 Re8 14. Re1 Rc8 15. Qd3 Qd7 16. Nd2 Bf5 17. Rxe8+ Rxe8 18. Qf1 Re6 19. Re1 Bd3 20. Qxd3 Rxe1+ 21. Nf1 a6 22. Be3 Qg4 23. h3 Qg6 24. Qd2 Qb1 25. Bg5 Ne4 26. Qf4 Nxc3 27. Qg4 f5 28. Qh5 Qd1 29. g4 Nxd4 30. Be3 Rxf1+ 31. Bxf1 g6 32. Qh6 fxg4 33. Qf4 Nde2+ 0-1

[Event "Zilina Region-ch"]
[Site "Zilina"]
[Date "2013.05.17"]
[Round "1"]
[White "Matejov, Anton"]
[Black "Masarik, Roman"]
[Result "1-0"]
[WhiteElo "2006"]
[BlackElo "1861"]
[PlyCount "115"]
[EventDate "2013.05.17"]
[EventType "swiss"]
[EventRounds "6"]
[EventCountry "SVK"]
[SourceTitle "CBM 154 Extra"]
[Source "ChessBase"]
[SourceDate "2013.06.25"]
[SourceVersion "2"]
[SourceVersionDate "2013.06.25"]
[SourceQuality "1"]

1. d4 d5 2. c4 Nf6 3. cxd5 Qxd5 4. Nc3 Qa5 5. Nf3 Bg4 6. Ne5 Bh5 7. Qb3 Qb6 8. Qxb6 axb6 9. g3 e6 10. Bg2 c6 11. 0-0 Bb4 12. f3 0-0 13. e4 b5 14. Ne2 Nbd7 15. Nf4 Rfd8 16. h4 Bg6 17. g4 Bd6 18. Nxd7 Rxd7 19. e5 Be7 20. h5 Bc2 21. Rf2 Bb3 22. exf6 Bxf6 23. Ne2 Rxa2 24. Rxa2 Bxa2 25. Be3 Bh4 26. Rf1 Bc4 27. Nc3 Bxf1 28. Kxf1 h6 29. Ne4 f5 30. Nc5 Re7 31. Nd3 Bf6 32. Ne5 Rc7 33. gxf5 exf5 34. f4 Kf8 35. Bh3 b6 36. Bxf5 Ke7 37. Ke2 Kd6 38. Kd3 c5 39. Ke4 Re7 40. b3 c4 41. Bd2 Re8 42. Bb4+ Kc7 43. Bg6 Rd8 44. bxc4 bxc4 45. d5 b5 46. d6+ Kb6 47. Kd5 Bh4 48. d7 Bg3 49. Be8 Bxf4 50. Nf7 Bg5 51. Nxd8 Bxd8 52. Bg6 Bf6 53. Bf5 c3 54. Bxc3 Bd8 55. Bxg7 b4 56. Kc4 Ka5 57. Bxh6 Ka4 58. Bc2+ 1-0

[Event "Zilina Region-ch"]
[Site "Zilina"]
[Date "2012.05.06"]
[Round "6"]
[White "Matejov, Anton"]
[Black "Saga, Vladimir"]
[Result "1/2-1/2"]
[WhiteElo "1979"]
[BlackElo "2055"]
[PlyCount "126"]
[EventDate "2012.05.04"]
[EventType "swiss"]
[EventRounds "7"]
[EventCountry "SVK"]
[SourceTitle "CBM 148 Extra"]
[Source "ChessBase"]
[SourceDate "2012.06.22"]
[SourceVersion "1"]
[SourceVersionDate "2012.06.22"]
[SourceQuality "1"]

1. d4 d5 2. c4 c6 3. Nf3 Nf6 4. Qc2 g6 5. g3 Bf5 6. Qb3 b6 7. Bg2 Bg7 8. 0-0 0-0 9. Nc3 Bc8 10. cxd5 Nxd5 11. e4 Nxc3 12. bxc3 Be6 13. Qa4 f6 14. Be3 Qc8 15. Rfd1 Qa6 16. Qxa6 Nxa6 17. a4 Bb3 18. Rdc1 Bf7 19. Nd2 Nc7 20. a5 b5 21. Rab1 Rfd8 22. c4 bxc4 23. Nxc4 Nb5 24. d5 Rac8 25. Nd2 Be8 26. Bh3 f5 27. exf5 Nc3 28. fxg6 cxd5 29. Bxc8 Rxc8 30. Rxc3 Bxc3 31. gxh7+ Kh8 32. Rb7 Kxh7 33. Rxe7+ Kg8 34. Bf4 Bc6 35. Bh6 d4 36. Ne4 Bxe4 37. Rxe4 d3 38. Re7 Rd8 39. Rxa7 d2 40. Bxd2 Rxd2 41. Rc7 Bxa5 42. Rc5 Bb6 43. Rf5 Kh7 44. Kg2 Kg6 45. g4 Rd4 46. h3 Bc7 47. Rc5 Bd6 48. Rc6 Kg5 49. Ra6 Bc5 50. Ra5 Rc4 51. Kg3 Kf6 52. Ra6+ Ke5 53. f4+ Rxf4 54. Re6+ Kxe6 55. Kxf4 Kf6 56. g5+ Kg6 57. Kg4 Bd4 58. h4 Bb2 59. h5+ Kg7 60. Kf5 Bc1 61. g6 Kh6 62. Kf6 Bb2+ 63. Kf7 Kxh5 1/2-1/2

[Event "Zilina Region-ch"]
[Site "Zilina"]
[Date "2012.05.06"]
[Round "7"]
[White "Michalek, Matej"]
[Black "Matejov, Anton"]
[Result "1/2-1/2"]
[WhiteElo "1818"]
[BlackElo "1979"]
[PlyCount "101"]
[EventDate "2012.05.04"]
[EventType "swiss"]
[EventRounds "7"]
[EventCountry "SVK"]
[SourceTitle "CBM 148 Extra"]
[Source "ChessBase"]
[SourceDate "2012.06.22"]
[SourceVersion "1"]
[SourceVersionDate "2012.06.22"]
[SourceQuality "1"]

1. e4 c5 2. Nc3 Nc6 3. f4 g6 4. Nf3 Bg7 5. g3 d6 6. Bg2 e5 7. d3 Nge7 8. 0-0 0-0 9. fxe5 Nxe5 10. Nxe5 Bxe5 11. Bh6 Bg7 12. Bxg7 Kxg7 13. Qf3 f6 14. Qe3 Nc6 15. Ne2 Qe7 16. Qd2 Be6 17. c3 Rad8 18. Nf4 Bg8 19. d4 cxd4 20. cxd4 Qc7 21. b3 Qb6 22. Rad1 Qb4 23. Qxb4 Nxb4 24. a3 Nc2 25. Rd2 Nxa3 26. Ra1 Nb5 27. Bf1 a6 28. Bxb5 axb5 29. Ra5 g5 30. Nd3 Rfe8 31. Rxb5 Rxe4 32. Rxb7+ Kh6 33. Nb2 Ra8 34. Nc4 Ra1+ 35. Kf2 Rh1 36. Kg2 Ree1 37. d5 g4 38. Ne3 Kg6 39. Nxg4 Rd1 40. Rxd1 Rxd1 41. Ne3 Bxd5+ 42. Nxd5 Rxd5 43. b4 Rd2+ 44. Kh3 h5 45. b5 Rb2 46. b6 Kf5 47. Rb8 d5 48. b7 d4 49. Rd8 Rxb7 50. Rxd4 Kg5 51. Rc4 1/2-1/2